Školy bez poplatkov sú len začiatok
Druhý cieľ rozvojovej pomoci Slovenska - dosiahnuť univerzálne základné vzdelanie. Zámer projektu SlovakAid. Ukazovatele plnenia. Pomoc pri vzdelávaní detí v Keni.
Salvato in:
| Natura: | Capitolo di libro |
|---|---|
| Lingua: | slovacco |
| Soggetti: | |
| Tags: |
Nessun Tag, puoi essere il primo ad aggiungerne!!
|
MARC
| LEADER | 00000naa a2200000 4500 | ||
|---|---|---|---|
| 001 | 0121191 | ||
| 005 | 20231018093812.1 | ||
| 041 | 0 | |a slo | |
| 044 | |a SK | ||
| 245 | 1 | 0 | |a Školy bez poplatkov sú len začiatok |
| 520 | |a Druhý cieľ rozvojovej pomoci Slovenska - dosiahnuť univerzálne základné vzdelanie. Zámer projektu SlovakAid. Ukazovatele plnenia. Pomoc pri vzdelávaní detí v Keni. | ||
| 610 | 2 | 0 | |a pomoc rozvojová |
| 610 | 2 | 0 | |a pomoc finančná |
| 610 | 2 | 0 | |a pomoc medzinárodná |
| 610 | 2 | 0 | |a vzdelanie |
| 610 | 2 | 0 | |a vzdelávanie |
| 610 | 2 | 0 | |a školy |
| 610 | 2 | 0 | |a projekty |
| 610 | 2 | 0 | |a Slovensko |
| 610 | 2 | 0 | |a Afrika |
| 610 | 2 | 0 | |a Keňa |